Revised handbook to the flora of Ceylon Vol.1 (Record no. 347419)

MARC details
000 -LEADER
fixed length control field 003670000a22001450004500
005 - DATE AND TIME OF LATEST TRANSACTION
control field 20250903140623.0
082 ## - DEWEY DECIMAL CLASSIFICATION NUMBER
Classification number 581.95493 FLO.01
100 ## - MAIN ENTRY--PERSONAL NAME
Personal name Dassanayake, M D
245 ## - TITLE STATEMENT
Title Revised handbook to the flora of Ceylon Vol.1
260 ## - PUBLICATION, DISTRIBUTION, ETC. (IMPRINT)
Place of publication, distribution, etc. NewDelhi, Oxford & IBH publishing co. pvt. ltd
260 ## - PUBLICATION, DISTRIBUTION, ETC. (IMPRINT)
Date of publication, distribution, etc. 1980
300 ## - PHYSICAL DESCRIPTION
Extent 508
650 ## - SUBJECT ADDED ENTRY--TOPICAL TERM
Topical term or geographic name as entry element Flora- ceylon
942 ## - ADDED ENTRY ELEMENTS (KOHA)
Koha item type Books (General)
Holdings
Withdrawn status Lost status Damaged status Not for loan Collection code Home library Current library Shelving location Date acquired Total Checkouts Full call number Barcode Date last seen Price effective from Koha item type
        Reference Book College of Agriculture, Vellayani College of Agriculture, Vellayani Reference 02/05/2014   581.95493 FLO.01 KAU_COAV-19261 02/05/2014 02/05/2014 Reference Book
Kerala Agricultural University Central Library
Thrissur-(Dt.), Kerala Pin:- 680656, India
Ph : (+91)(487) 2372219
E-mail: librarian@kau.in
Website: http://library.kau.in/